Fascism, communism and the consolidation of democracy
| Titel: | Fascism, communism and the consolidation of democracy : a comparison of European dictatorships / Gerhard Besier ... (eds.) |
|---|---|
| Beteiligt: | |
| Veröffentlicht: | Berlin [u.a.] : LIT, 2006 |
| Umfang: | 116 S. ; 24 cm |
| Format: | Buch |
| Sprache: | Englisch |
| Schriftenreihe/ mehrbändiges Werk: |
Mittel- und Ostmitteleuropastudien ; 2 |
| RVK-Notation: |
·
|
| ISBN: | 9783825896577 ; 3825896579 |
| Hinweise zum Inhalt: |
Inhaltsverzeichnis
|
alg: 18416739
001A $06000:01-02-07
001B $01999:26-05-23 $t22:16:30.000
001C $00077:09-05-07 $t16:35:48.000
001D $00030:26-04-07
001U $0utf8
001X $00
002@ $0Aau
003@ $0184167396
003O $0180959962 $aOCoLC
004A $A978-3-8258-9657-7 $fkart. : EUR 19.90, sfr 29.90
004A $03-8258-9657-9 $fkart. : EUR 19.90, sfr 29.90
004K $09783825896577
006G $0981491677
006T $006,N44,0727
006U $007,A07,1822 $f20061010
007A $0981491677 $aDNB
007G $0DE020A1D8EC8220449291C12579350026110F
007T $0Herdhh184167396
009P $qapplication/pdf $A2 $3Inhaltsverzeichnis $uhttp://scans.hebis.de/HEBCGI/show.pl?18416739_toc.pdf $mV:DE-603;B:DE-Mb50
010@ $aeng
011@ $a2006
015@ $00
017A $asf
021A $aFascism, communism and the consolidation of democracy $da comparison of European dictatorships $hGerhard Besier ... (eds.)
028C $BHrsg. $7120728605 $8Besier, Gerhard$Z1947- [Tp1] $9152266313
033A $pBerlin {[u.a.] $nLIT
034D $a116 S.
034I $a24 cm
036E $aMittel- und Ostmitteleuropastudien $l2
036F $x12 $8Mittel- und Ostmitteleuropastudien $9180004417 $l2
041A $#Abendland $#Okzident $74015701-5 $8Europa [Tgz] $908503617X
041A/01 $#Totalitarianism $#Totalitarisme $#Totalitarismo $#Totalitarismo $#Totalitarismus $#Totaler Staat $#Totalitärer Staat $74060491-3 $8Totalitarismus [Ts1] $9085167908
045B $a320.94 $eDDC22oclc
045E $c940 $c320
045F $a940.5 $eDDC22ger
045F/01 $a940.5
045G $a900.943909041 $eDDC23BSB
045G/01 $a900
045G/03 $f09041
045G/03 $f09042
045G/03 $f09043
045G/03 $g439
045H $a909 $eDDC23BSB
045H/01 $a909
045H/03 $f0904
045H/03 $g4
045H/03 $g47
045H/03 $g437
045I $a791.409471 $eDDC23BSB
045I/01 $a791.409
045I/03 $g471
045R $aGeschichte 1900-1990
045Z $8ME 2700 [Tkv] $9410448893
045Z $8MG 15380 [Tkv] $9410456357
lok: 18416739 3
101B $026-04-07 $t17:08:42.000
101C $003-04-07
101U $0utf8
145S/01 $a007
145S/02 $a039
exp: 18416739 3 1 #EPN
201B/01 $026-04-07 $t17:08:42.000
201C/01 $014-03-07
201U/01 $0utf8
203@/01 $0502011483
208@/01 $a26-04-07 $bzAa
209A/01 $a88.286.32 $du $f000 $h88 286 32 $x00
209G/01 $a88286324 $x00
247C/01 $8601000-3 <30>Frankfurt, Universitätsbibliothek J. C. Senckenberg, Zentralbibliothek (ZB) $9102598258
lok: 18416739 24
101B $010-12-09 $t15:22:38.000
101C $010-12-09
101U $0utf8
145Z/01 $a54 7 L
145Z/02 $a1 7 U
145Z/03 $a31 7 Mk
145Z/04 $a31 7 U
145Z/05 $a41 15 K
145Z/06 $a1 7 M
exp: 18416739 24 1 #EPN
201B/01 $010-12-09 $t15:22:38.000
201C/01 $014-07-09
201U/01 $0utf8
203@/01 $0577767070
208@/01 $a10-12-09 $bz
209A/01 $a09.5179 $du $f050 $h09 5179 $x00
209C/01 $a09.5179 K $h09 5179 K
209G/01 $a72517636 $x00
220C/01 $awar/hae
247C/01 $8358050-7 Marburg, Bibliothek des Herder-Instituts Marburg $9102600961
lok: 18416739 25
101B $020-03-07 $t12:22:54.000
101C $020-03-07
101U $0utf8
145S/01 $a540zb
145S/02 $a240zb
exp: 18416739 25 1 #EPN
201B/01 $009-05-07 $t16:35:48.000
201C/01 $020-03-07
201U/01 $0utf8
203@/01 $0502136995
208@/01 $a09-05-07 $bzu
209A/01 $a239.339 $du $f000 $x00
209C/01 $a07/1349-4
209G/01 $a38896497 $x00
209G/01 $aFREIHAND $x01
247C/01 $8651000-0 <77>Mainz, Universität Mainz, Zentralbibliothek $9102599602
lok: 18416739 78
exp: 18416739 78 1 #EPN
201B/01 $019-04-17 $t20:39:12.000
201U/01 $0utf8
203@/01 $0793037271
208@/01 $a12-11-16 $be
209A/01 $a/ $f000 $x00
220C/01 $aAnmerkung: *NG
237A/01 $aweiterführende Signatur(en): 09.5179
244Z/01 $aGeschichte 1900-1990 $x01
244Z/01 $2Trx $#totalitarism $#totalitarizmas $#totalitarianism $#totalitarizmus $#totalitaryzm $#totalitarizmus $#totalitarismus $#Diktaturen $#dyktatury $#diktatúry $#diktatury $8--Trx--Totalitarismus $x02 $9391354760
244Z/01 $2Trx $#dzieło zbiorowe $8--Trx--Sammelwerk $x03 $9391384597
244Z/01 $2Trx $#Kesk- ja Ida- Euroopa kontseptsioonid $#Vidurio Europos koncepcijos $#East-Central Europe $#Keletközépeurópa-eszmék $#Europa Środkowo-Wschodnia koncepcje $#Európa stredovýchodná koncepcie $#Evropa střední, východní část koncepce $#Mitteleuropa $#Osteuropakonzeptionen $#Europa Środkowa koncepcje $#Stredná Európa koncepcie $#Střední Europa koncepce $8--Trx--Ostmitteleuropakonzeptionen $x04 $9391364286
244Z/01 $2Trx $#fašism $#fašizmas $#fascism $#fasizmus $#faszyzm $#fašizmus $#fašismus $8--Trx--Faschismus $x05 $9391367218
244Z/01 $2Trx $#sotsialism kommunism $#socializmas komunizmas $#socialism communism $#szocializmus kommunizmus $#socjalizm komunizm $#socializmus komunizmus $#socialismus komunismus $#Kommunismus $#communism $#ruch komunistyczny $#komunizm $#komunizmus $#komunismus $8--Trx--Sozialismus$xKommunismus $x06 $9391374990
245Z/01 $a01.03 $x01
247C/01 $82080>Marburg/Lahn, Herder-Institut, Forschungsbibliothek, Bibliographieportal $9336309341
| LEADER | 00000cam a2200000 c 4500 | ||
|---|---|---|---|
| 001 | 184167396 | ||
| 003 | DE-603 | ||
| 005 | 20230526221630.0 | ||
| 007 | tu | ||
| 008 | 070201s2006 xx |||| | u00||u|eng | ||
| 015 | |a 07,A07,1822 |z 06,N44,0727 |2 dnb | ||
| 016 | 7 | |2 DE-101 |a 981491677 | |
| 020 | |a 9783825896577 |c kart. : EUR 19.90, sfr 29.90 | ||
| 020 | |a 3825896579 |c kart. : EUR 19.90, sfr 29.90 | ||
| 024 | 3 | |a 9783825896577 | |
| 035 | |a (DE-599)DNB981491677 | ||
| 035 | |a (OCoLC)180959962 | ||
| 040 | |a DE-603 |b ger |c DE-603 |d DE-603 | ||
| 041 | |a eng | ||
| 082 | 0 | 4 | |8 1\u |a 940.5 |q DE-101 |2 22/ger |
| 083 | 0 | |8 2\u |a 900.943909041 |q DE-101 |2 23/BSB | |
| 083 | 0 | |8 3\u |a 909 |q DE-101 |2 23/BSB | |
| 083 | 0 | |8 4\u |a 791.409471 |q DE-101 |2 23/BSB | |
| 083 | 7 | |a 320.94 |2 22/oclc | |
| 084 | |a 940 |a 320 |q DE-101 |2 sdnb | ||
| 084 | |a ME 2700 |0 (DE-625)122589: |0 (DE-603)410448893 |2 rvk | ||
| 084 | |a MG 15380 |0 (DE-625)122818:12126 |0 (DE-603)410456357 |2 rvk | ||
| 085 | |8 1\u |b 940.5 | ||
| 085 | |8 2\u |b 900 | ||
| 085 | |8 2\u |z 1 |s 09041 | ||
| 085 | |8 2\u |z 1 |s 09042 | ||
| 085 | |8 2\u |z 1 |s 09043 | ||
| 085 | |8 2\u |z 2 |s 439 | ||
| 085 | |8 3\u |b 909 | ||
| 085 | |8 3\u |z 1 |s 0904 | ||
| 085 | |8 3\u |z 2 |s 4 | ||
| 085 | |8 3\u |z 2 |s 47 | ||
| 085 | |8 3\u |z 2 |s 437 | ||
| 085 | |8 4\u |b 791.409 | ||
| 085 | |8 4\u |z 2 |s 471 | ||
| 090 | |a b | ||
| 245 | 0 | 0 | |a Fascism, communism and the consolidation of democracy |b a comparison of European dictatorships |c Gerhard Besier ... (eds.) |
| 264 | 1 | |a Berlin [u.a.] |b LIT |c 2006 | |
| 300 | |a 116 S. |c 24 cm | ||
| 490 | 1 | |a Mittel- und Ostmitteleuropastudien |v 2 | |
| 648 | 7 | |a Geschichte 1900-1990 |2 gnd | |
| 650 | 7 | |a Totalitarismus |0 (DE-588)4060491-3 |0 (DE-603)085167908 |2 gnd | |
| 651 | 7 | |a Europa |0 (DE-588)4015701-5 |0 (DE-603)08503617X |2 gnd | |
| 700 | 1 | |a Besier, Gerhard |d 1947- |e Hrsg. |4 edt |0 (DE-603)152266313 |0 (DE-588)120728605 |2 gnd | |
| 830 | 0 | |t Mittel- und Ostmitteleuropastudien |v 2 |w (DE-603)180004417 |w (DE-600)2242502-0 |9 12 |7 as | |
| 856 | 4 | 2 | |m V:DE-603;B:DE-Mb50 |q application/pdf |u http://scans.hebis.de/HEBCGI/show.pl?18416739_toc.pdf |3 Inhaltsverzeichnis |
| 924 | 0 | |9 30 |a (DE-603)502011483 |b DE-30 |c HES |d c |g 88.286.32 | |
| 924 | 0 | |9 Mb 50 |a (DE-603)577767070 |b DE-Mb50 |c HES |d c |g 09.5179 | |
| 924 | 0 | |9 77 |a (DE-603)502136995 |b DE-77 |c HES |d c |g 239.339 |h FREIHAND | |
| 924 | 0 | |9 2080 |a (DE-603)793037271 |b DE-2080 |c HES |d d |g / | |


